[Event "35. Potsdamer Weihnachtsturnier"]
[Site "?"]
[Date "2010.12.28"]
[Round "3.1"]
[White "Kalinitschew, Sergey"]
[Black "Muehlhan, Klaus"]
[Result "1-0"]
[WhiteElo "2436"]
[BlackElo "1971"]
[PlyCount "75"]
[EventDate "2010.??.??"]
[WhiteTeam "SC Kreuzberg e.V."]
[BlackTeam "SC Empor Potsdam 1952 e.V."]

1. d4 Nf6 2. Nf3 e6 3. c4 c5 4. Nc3 cxd4 5. Nxd4 Nc6 6. a3 a6 7. e4 Qc7 8. Be3
Be7 9. Be2 d6 10. Rc1 Nxd4 11. Qxd4 Bd7 12. O-O O-O 13. f4 Rac8 14. e5 dxe5 15.
fxe5 Ne8 16. Rfd1 Bc6 17. Nd5 exd5 18. cxd5 Rd8 19. Qe4 Qa5 20. dxc6 Rxd1+ 21.
Rxd1 bxc6 22. e6 Nd6 23. exf7+ Rxf7 24. Qe6 Kf8 25. b4 Qc7 26. Bxa6 Rf6 27. Rf1
Nb5 28. Rxf6+ Bxf6 29. Bxb5 cxb5 30. Bc5+ Be7 31. Bxe7+ Qxe7 32. Qxe7+ Kxe7 33.
Kf2 Ke6 34. Ke3 Ke5 35. Kd3 g5 36. g4 Kf4 37. h3 Kg3 38. a4 1-0

[Event "35. Potsdamer Weihnachtsturnier"]
[Site "?"]
[Date "2010.12.28"]
[Round "3.2"]
[White "Mueller, Klaus"]
[Black "Von Herman, Ulf"]
[Result "0-1"]
[WhiteElo "2002"]
[BlackElo "2404"]
[PlyCount "72"]
[EventDate "2010.??.??"]
[WhiteTeam "SG Lok Brandenburg, Abt. Schach"]
[BlackTeam "SK König Tegel 1949 e.V."]

1. e4 g6 2. d4 Bg7 3. Nc3 d6 4. Be3 a6 5. a4 b6 6. Qd2 Bb7 7. f3 Nd7 8. Bc4 e6
9. Nge2 h6 10. Bb3 Ne7 11. O-O Nf6 12. Nd1 d5 13. e5 Nd7 14. c3 c5 15. Bc2 Qc7
16. f4 h5 17. Kh1 Bf8 18. Ng1 cxd4 19. cxd4 Nb8 20. Rc1 Nbc6 21. Nf3 Qd7 22.
Nc3 Na5 23. Qe2 Nec6 24. Nd2 Nb4 25. Bd1 Rc8 26. Ndb1 h4 27. Rf3 Rc7 28. Rh3
Bg7 29. Bf2 Qe7 30. Nd2 g5 31. fxg5 Qxg5 32. Be3 Qg6 33. Nf3 Nc4 34. Nxh4 Qd3
35. Qg4 Nxe3 36. Qxg7 Qf1# 0-1

[Event "35. Potsdamer Weihnachtsturnier"]
[Site "?"]
[Date "2010.12.28"]
[Round "3.3"]
[White "Dauth, Benjamin"]
[Black "Sonntag, Sven"]
[Result "1-0"]
[WhiteElo "2329"]
[BlackElo "1909"]
[PlyCount "69"]
[EventDate "2010.??.??"]
[WhiteTeam "SC Rotation Pankow e.V."]
[BlackTeam "SK Dessau 93 e. V."]

1. d4 Nf6 2. c4 e6 3. g3 d5 4. Bg2 c6 5. Nf3 Be7 6. O-O O-O 7. Nc3 Nbd7 8. cxd5
exd5 9. Qc2 Re8 10. Bg5 h6 11. Bxf6 Nxf6 12. a3 Bd6 13. b4 Bd7 14. Qb3 a6 15.
Ne1 Bf5 16. Nd3 Bxd3 17. exd3 Qb6 18. Na4 Qxd4 19. Rac1 Re2 20. Rc2 Rae8 21.
Bf3 Re1 22. Rc1 Rxc1 23. Rxc1 Ng4 24. Bxg4 Qxg4 25. Nc5 Re7 26. Qc3 Be5 27. Qd2
Bd4 28. Re1 Bxc5 29. bxc5 Kf8 30. Rxe7 Kxe7 31. Qb2 Qd7 32. Qxg7 Qe6 33. Qb2
Qd7 34. Qd2 Qe6 35. Qb4 1-0

[Event "35. Potsdamer Weihnachtsturnier"]
[Site "?"]
[Date "2010.12.28"]
[Round "3.4"]
[White "Cusnariov, Nicolai"]
[Black "Scholz, Robert"]
[Result "0-1"]
[WhiteElo "2167"]
[BlackElo "1876"]
[PlyCount "68"]
[EventDate "2010.??.??"]
[WhiteTeam "USV Potsdam e.V., Abt. Schach"]
[BlackTeam "USV Potsdam e.V., Abt. Schach"]

1. e4 c5 2. f4 Nc6 3. Nf3 g6 4. g3 Bg7 5. Bg2 d6 6. c3 Nf6 7. d3 O-O 8. O-O Bg4
9. h3 Bd7 10. Be3 Qc8 11. Kh2 e6 12. e5 Nd5 13. Qe2 dxe5 14. Bxc5 exf4 15. Bxf8
fxg3+ 16. Kxg3 Qc7+ 17. Kf2 Rxf8 18. Na3 Nf4 19. Qc2 e5 20. Rh1 Bf5 21. Bf1
Qb6+ 22. Kg3 Qe3 23. Nc4 Nh5+ 24. Kg2 Qf4 25. Qf2 e4 26. dxe4 Bxe4 27. Rd1 Ne5
28. Ncxe5 Bxe5 29. Bd3 Qg5+ 30. Kf1 Ng3+ 31. Ke1 Bxf3 32. Qxf3 Nxh1 33. Qxh1
Bg3+ 34. Ke2 Re8+ 0-1

[Event "35. Potsdamer Weihnachtsturnier"]
[Site "?"]
[Date "2010.12.28"]
[Round "3.5"]
[White "Segerberg, Tomas"]
[Black "Hahlbohm, Matthias"]
[Result "0-1"]
[WhiteElo "1954"]
[BlackElo "2076"]
[PlyCount "94"]
[EventDate "2010.??.??"]
[WhiteTeam "SG Narva Berlin e.V."]
[BlackTeam "TSG Oberschöneweide e.V."]

1. c4 Nf6 2. Nc3 g6 3. d4 Bg7 4. e4 d6 5. f3 c6 6. Be3 O-O 7. Qd2 Re8 8. Nge2
Qc7 9. g4 e5 10. Ng3 a6 11. a4 Nfd7 12. d5 Nc5 13. Bxc5 dxc5 14. h4 h6 15. Bd3
a5 16. O-O-O Na6 17. Kb1 Nb4 18. Bc2 Nxc2 19. Kxc2 Bd7 20. h5 g5 21. Nf5 Bf8
22. b3 Red8 23. Qh2 f6 24. Qe2 Be8 25. Rd2 Rab8 26. d6 Qf7 27. Rhd1 Bd7 28.
Ne7+ Bxe7 29. dxe7 Qxe7 30. Rd6 Be6 31. Qd3 Re8 32. Qe3 b5 33. axb5 cxb5 34.
Nxb5 a4 35. bxa4 Bxc4 36. Rd7 Qf8 37. Qc3 Be6 38. R7d6 Qe7 39. R1d2 Ra8 40.
Rxe6 Qxe6 41. Nc7 Qa2+ 42. Kc1 Qxa4 43. Nxa8 Rxa8 44. Qxc5 Qa1+ 45. Kc2 Ra2+
46. Kd3 Qf1+ 47. Kc3 Qc1+ 0-1

[Event "35. Potsdamer Weihnachtsturnier"]
[Site "?"]
[Date "2010.12.28"]
[Round "3.6"]
[White "Allgaier, Erik"]
[Black "Hahn, Thomas"]
[Result "0-1"]
[WhiteElo "2074"]
[BlackElo "1843"]
[PlyCount "68"]
[EventDate "2010.??.??"]
[WhiteTeam "BVG Helmholtz"]
[BlackTeam "SC Empor Potsdam 1952 e.V."]

1. d4 Nf6 2. Nf3 g6 3. Nc3 Bg7 4. e4 d6 5. h3 O-O 6. Be3 c6 7. Qd2 Qa5 8. Bd3
b5 9. O-O Nbd7 10. Bh6 b4 11. Bxg7 Kxg7 12. Ne2 Qb6 13. e5 Nd5 14. Bc4 Ba6 15.
Bxd5 cxd5 16. Rfe1 dxe5 17. dxe5 e6 18. Ned4 Rac8 19. Qf4 Nc5 20. Nh2 Ne4 21.
Rxe4 dxe4 22. Qf6+ Kg8 23. Ng4 h5 24. Nh6+ Kh7 25. Nxf7 Qxd4 26. Qf4 Kg8 27.
Nh6+ Kg7 28. Qg5 Qxf2+ 29. Kh1 Qf4 30. Qe7+ Kxh6 31. Qxe6 Bf1 32. Qb3 Bxg2+ 33.
Kxg2 Qf2+ 34. Kh1 Rxc2 0-1

[Event "35. Potsdamer Weihnachtsturnier"]
[Site "?"]
[Date "2010.12.28"]
[Round "3.7"]
[White "Rennhack, Peer"]
[Black "Schirrmacher, Carsten"]
[Result "0-1"]
[WhiteElo "1935"]
[BlackElo "2060"]
[PlyCount "82"]
[EventDate "2010.??.??"]
[WhiteTeam "Sabt Frankfurter TV 1860"]
[BlackTeam "SC Zitadelle Spandau 1977 e.V."]

1. e4 e5 2. Nf3 Nc6 3. Bb5 Nf6 4. O-O Nxe4 5. d4 Nd6 6. Bxc6 dxc6 7. dxe5 Nf5
8. Qxd8+ Kxd8 9. Rd1+ Ke8 10. Nc3 h6 11. Ne4 Ne7 12. c4 Ng6 13. h3 Be6 14. b3
a5 15. Be3 b6 16. Nd4 Bd7 17. f4 Ba3 18. Nf3 a4 19. Ng3 Ne7 20. Rd3 Nf5 21.
Rxd7 Nxe3 22. Rxc7 Bc5 23. Ne4 axb3 24. Nxc5 bxc5 25. Rb7 Nc2 26. Rd1 bxa2 27.
Rdd7 a1=Q+ 28. Kh2 Qa5 29. Rxf7 Nd4 30. Rfe7+ Kd8 31. Nd2 Nf5 32. Red7+ Kc8 33.
Ne4 Re8 34. Nd6+ Nxd6 35. exd6 Rd8 36. Rdc7+ Qxc7 37. Rxc7+ Kb8 38. Rxc6 Ra5
39. Rb6+ Ka7 40. Rc6 Rd7 41. Kg3 Kb7 0-1

[Event "35. Potsdamer Weihnachtsturnier"]
[Site "?"]
[Date "2010.12.28"]
[Round "3.8"]
[White "Reich, Christian"]
[Black "Cremer, Jan Paul"]
[Result "1/2-1/2"]
[WhiteElo "1590"]
[BlackElo "2003"]
[PlyCount "154"]
[EventDate "2010.??.??"]
[WhiteTeam "SC Straubing"]
[BlackTeam "Schachpinguine Berlin e.V."]

1. e4 c5 2. Nf3 d6 3. c4 Nf6 4. Nc3 Bg4 5. Be2 Nc6 6. d3 g6 7. h3 Bxf3 8. Bxf3
Bg7 9. O-O O-O 10. Nd5 Nd4 11. a4 e6 12. Nxf6+ Bxf6 13. Rb1 Bg5 14. Be3 Bxe3
15. fxe3 Nc6 16. d4 e5 17. d5 Nb4 18. b3 a6 19. Ra1 Qg5 20. Qe2 Kh8 21. Kh2 f5
22. Rad1 f4 23. exf4 Rxf4 24. Rf2 Raf8 25. Rdf1 Kg7 26. g3 R4f7 27. Kg2 Qe7 28.
Qd2 Qd7 29. Bg4 Rxf2+ 30. Rxf2 Rxf2+ 31. Qxf2 Qf7 32. Bd1 Qxf2+ 33. Kxf2 Kf6
34. Ke3 Ke7 35. Kd2 Kd7 36. Kc3 Kc7 37. Bg4 Kd8 38. h4 h6 39. Be6 b6 40. g4 g5
41. hxg5 hxg5 42. Bf5 Ke7 43. Bc8 Kf6 44. Bb7 Ke7 45. Bc8 Kf8 46. Bf5 a5 47.
Be6 Na6 48. Kd3 Nc7 49. Bf5 Ke7 50. Bc8 Ne8 51. Bf5 Kd8 52. Ke3 Kc7 53. Kd3 b5
54. cxb5 Kb6 55. Bd7 Nf6 56. Bf5 Ne8 57. Kc4 Ka7 58. Bc8 Nc7 59. Bd7 Na8 60.
Bf5 Nb6+ 61. Kc3 Kb7 62. Bg6 c4 63. Bf5 cxb3 64. Kxb3 Na8 65. Kc4 Kc7 66. Kc3
Kd8 67. Be6 Nb6 68. Kb3 Kc7 69. Bf5 Na8 70. Kc3 Kb6 71. Kc4 Nc7 72. Bd7 Kb7 73.
Bc6+ Ka7 74. Kc3 Kb6 75. Kc4 Ka7 76. Kc3 Kb6 77. Kc4 Ka7 1/2-1/2

[Event "35. Potsdamer Weihnachtsturnier"]
[Site "?"]
[Date "2010.12.28"]
[Round "3.9"]
[White "Galkin, Wladislaw"]
[Black "Rietze, Clemens"]
[Result "1-0"]
[WhiteElo "1924"]
[BlackElo "2235"]
[PlyCount "71"]
[EventDate "2010.??.??"]
[WhiteTeam "SC Ladja Roßdorf"]
[BlackTeam "USV Potsdam e.V., Abt. Schach"]

1. d4 Nf6 2. c4 c5 3. d5 e6 4. Nc3 exd5 5. cxd5 g6 6. e4 d6 7. Nf3 Bg7 8. Bf4
O-O 9. Be2 a6 10. a4 Nh5 11. Bg5 Nf6 12. Bf4 Bg4 13. h3 Bxf3 14. Bxf3 Qe7 15.
O-O Nbd7 16. Qc2 Rab8 17. Be2 Rfc8 18. b3 Ne8 19. Bg4 Nef6 20. Be2 Ne8 21. Bg4
Rc7 22. Bxd7 Rxd7 23. Rae1 b5 24. axb5 axb5 25. Bg3 Rc7 26. f4 b4 27. Na4 c4
28. e5 Qd7 29. Re4 cxb3 30. Qxb3 Ra7 31. Ra1 Qb5 32. Be1 Rba8 33. Rxb4 Qe2 34.
Bf2 dxe5 35. Re1 Qd2 36. Rd1 1-0

[Event "35. Potsdamer Weihnachtsturnier"]
[Site "?"]
[Date "2010.12.28"]
[Round "3.10"]
[White "Grottke, Hans-Joachim"]
[Black "Bachran, Boris"]
[Result "1/2-1/2"]
[WhiteElo "2223"]
[BlackElo "1944"]
[PlyCount "57"]
[EventDate "2010.??.??"]
[WhiteTeam "SC Empor Potsdam 1952 e.V."]
[BlackTeam "SG Lok Brandenburg, Abt. Schach"]

1. e4 c6 2. d4 d5 3. exd5 cxd5 4. c4 e6 5. Nc3 dxc4 6. Bxc4 Nf6 7. Nf3 a6 8. a3
b5 9. Bb3 Bb7 10. O-O Be7 11. Bg5 h6 12. Be3 Nd5 13. Re1 O-O 14. Qd3 Qd6 15.
Ne5 Nxe3 16. Rxe3 Nc6 17. Nxc6 Bxc6 18. Bc2 g6 19. Rg3 Bf6 20. Rd1 Bg7 21. h4
h5 22. Rg5 Rfd8 23. d5 exd5 24. Bb3 Qe7 25. Bxd5 Bxd5 26. Rxd5 Rxd5 27. Qxd5
Rc8 28. Qd6 Qxd6 29. Rxd6 1/2-1/2

[Event "35. Potsdamer Weihnachtsturnier"]
[Site "?"]
[Date "2010.12.28"]
[Round "3.11"]
[White "Pueschel, Werner"]
[Black "Perestjuk, Marko"]
[Result "1/2-1/2"]
[WhiteElo "2173"]
[BlackElo "1944"]
[PlyCount "48"]
[EventDate "2010.??.??"]
[WhiteTeam "SG Lasker Steglitz-Wilmersdorf"]
[BlackTeam "SC Zitadelle Spandau 1977 e.V."]

1. e4 c5 2. d4 cxd4 3. Qxd4 Nc6 4. Qe3 g6 5. Nc3 Bg7 6. Bd2 d6 7. Bc4 Nf6 8. h3
O-O 9. Nge2 Bd7 10. g4 Ne5 11. Bb3 b5 12. g5 Nh5 13. O-O-O Nc4 14. Bxc4 bxc4
15. Rdg1 a5 16. Nd1 Be6 17. Bc3 d5 18. Bxg7 Nxg7 19. Ndc3 dxe4 20. Qxe4 Qb6 21.
Qd4 Qb7 22. Qe4 Qb6 23. Qd4 Qb7 24. Qe4 Qb6 1/2-1/2

[Event "35. Potsdamer Weihnachtsturnier"]
[Site "?"]
[Date "2010.12.28"]
[Round "3.12"]
[White "Petrykowski, Reinhardt"]
[Black "Hein, Carsten"]
[Result "0-1"]
[WhiteElo "1913"]
[BlackElo "2171"]
[PlyCount "72"]
[EventDate "2010.??.??"]
[WhiteTeam "SC Caissa Falkensee e.V."]
[BlackTeam "SC Empor Potsdam 1952 e.V."]

1. Nf3 d5 2. e3 Nf6 3. d4 Bg4 4. Be2 Nbd7 5. Nbd2 e6 6. c4 c6 7. h3 Bh5 8. b3
Bd6 9. Bb2 Qb8 10. a4 a5 11. Ba3 Bxa3 12. Rxa3 Qd6 13. c5 Qe7 14. Ra1 O-O 15.
Rc1 Ne4 16. Nxe4 dxe4 17. Nd2 Bxe2 18. Qxe2 e5 19. Nxe4 exd4 20. Nd6 Nxc5 21.
Nf5 Qe5 22. Nxd4 Rad8 23. Qc4 Ne4 24. O-O Nd2 25. Qc2 Nxf1 26. Rxf1 c5 27. Nf3
Qe7 28. Rc1 b6 29. Qc4 Rd6 30. Qb5 Rfd8 31. Rc4 Rd1+ 32. Kh2 Qd6+ 33. g3 Rb1
34. Re4 Rf8 35. Re8 Qd1 36. Rxf8+ Kxf8 0-1

[Event "35. Potsdamer Weihnachtsturnier"]
[Site "?"]
[Date "2010.12.28"]
[Round "3.14"]
[White "Schaefer, Heiko"]
[Black "Brandt, Fred"]
[Result "1-0"]
[WhiteElo "2124"]
[BlackElo "1911"]
[PlyCount "73"]
[EventDate "2010.??.??"]
[WhiteTeam "Potsdamer SV Mitte e.V."]
[BlackTeam "SV Königsjäger Süd-West e.V."]

1. Nf3 Nf6 2. d4 e6 3. Bf4 d5 4. h3 c5 5. c3 Be7 6. e3 O-O 7. Nbd2 Nc6 8. Bd3
Nh5 9. Bh2 g6 10. g4 Ng7 11. Bf4 cxd4 12. exd4 Bd6 13. Bxd6 Qxd6 14. Qe2 e5 15.
dxe5 Nxe5 16. Nxe5 Re8 17. f4 f6 18. Ndf3 fxe5 19. fxe5 Qc7 20. O-O-O Be6 21.
Kb1 a6 22. Bc2 Rad8 23. Rhe1 Qa5 24. Bb3 Re7 25. Rd4 Red7 26. Red1 Ne8 27. Ng5
Nc7 28. Qg2 Qb6 29. Ne4 Ne8 30. Ba4 Qc7 31. Bxd7 Rxd7 32. Ng5 Qxe5 33. Nxe6
Qxe6 34. Rxd5 Re7 35. Rd8 Kg7 36. Qd5 Qf6 37. Rd7 1-0

[Event "35. Potsdamer Weihnachtsturnier"]
[Site "?"]
[Date "2010.12.28"]
[Round "3.15"]
[White "Koenig, Marco"]
[Black "Boettcher, Frank"]
[Result "1-0"]
[WhiteElo "2093"]
[BlackElo "1912"]
[PlyCount "49"]
[EventDate "2010.??.??"]
[WhiteTeam "Burger SK Schwarz-Weiß"]
[BlackTeam "USV Potsdam e.V., Abt. Schach"]

1. e4 d5 2. exd5 Nf6 3. d4 Nxd5 4. c4 Nb6 5. Be3 g6 6. h3 Bg7 7. Nf3 O-O 8. Nc3
Bf5 9. Be2 Nc6 10. O-O e5 11. d5 Na5 12. b3 e4 13. Nd4 c6 14. Nxf5 gxf5 15. Bd4
cxd5 16. cxd5 Bxd4 17. Qxd4 Nc6 18. Qd2 Ne5 19. Qf4 Qc7 20. Qg3+ Kh8 21. Rac1
Qe7 22. Qf4 Nd3 23. Bxd3 exd3 24. Qxf5 d2 25. Rcd1 1-0

[Event "35. Potsdamer Weihnachtsturnier"]
[Site "?"]
[Date "2010.12.28"]
[Round "3.16"]
[White "Mix, Thomas"]
[Black "Bauer, Mirko"]
[Result "0-1"]
[WhiteElo "2033"]
[BlackElo "1691"]
[PlyCount "86"]
[EventDate "2010.??.??"]
[WhiteTeam "SF Brannenburg"]
[BlackTeam "SAV Torgelow"]

1. e4 c5 2. Nf3 Nc6 3. c3 d5 4. exd5 Qxd5 5. d4 Bg4 6. Be2 e6 7. Na3 cxd4 8.
Nb5 O-O-O 9. Nbxd4 Nxd4 10. Qxd4 Qxd4 11. Nxd4 Bxe2 12. Kxe2 Nf6 13. Bf4 Bc5
14. Nb3 Bb6 15. Rhd1 Rd5 16. c4 Rf5 17. Bg3 Ne4 18. f3 Nxg3+ 19. hxg3 h5 20. f4
h4 21. Nd4 Bxd4 22. Rxd4 hxg3 23. Rad1 e5 24. fxe5 Rf2+ 25. Ke3 Re8 26. R1d2
Rxe5+ 27. Kd3 Rxd2+ 28. Kxd2 Rf5 29. Re4 g5 30. Kd3 Rf2 31. Re2 Rxe2 32. Kxe2
f5 33. b4 Kc7 34. Kf3 f4 35. Ke4 Kc6 36. Kf3 a5 37. a3 axb4 38. axb4 b6 39. Ke4
Kd6 40. Kf3 Ke5 41. Kg4 Kd4 42. c5 bxc5 43. b5 Kd5 0-1

[Event "35. Potsdamer Weihnachtsturnier"]
[Site "?"]
[Date "2010.12.28"]
[Round "3.17"]
[White "Scheide, Helmut"]
[Black "Roth, Joachim"]
[Result "1/2-1/2"]
[WhiteElo "1965"]
[BlackElo "1892"]
[PlyCount "67"]
[EventDate "2010.??.??"]
[WhiteTeam "USV Potsdam e.V., Abt. Schach"]
[BlackTeam "FV Bund"]

1. d4 e6 2. c4 d5 3. e3 c6 4. Nc3 f5 5. Bd3 Nf6 6. Nge2 Bd6 7. f3 O-O 8. Bd2 e5
9. cxd5 exd4 10. Nxd4 Nxd5 11. Nxd5 cxd5 12. Qc2 Qh4+ 13. Kf1 f4 14. Bf5 fxe3
15. Bxe3 Nc6 16. Bf2 Nxd4 17. Bxh4 Nxc2 18. Bxc2 Bd7 19. Rd1 Bb5+ 20. Bd3 Bxd3+
21. Rxd3 Be5 22. Rxd5 Bxb2 23. Rb5 Bd4 24. Rxb7 Rfb8 25. Re7 Rb2 26. Re2 Rab8
27. g4 Bc5 28. a4 Rxe2 29. Kxe2 Rb2+ 30. Kd3 Bf2 31. Kc3 Re2 32. Bxf2 Rxf2 33.
Rd1 Rxf3+ 34. Rd3 1/2-1/2

[Event "35. Potsdamer Weihnachtsturnier"]
[Site "?"]
[Date "2010.12.28"]
[Round "3.18"]
[White "Calamar, George"]
[Black "Lenz, Tobias"]
[Result "1/2-1/2"]
[WhiteElo "1489"]
[BlackElo "1955"]
[PlyCount "97"]
[EventDate "2010.??.??"]
[WhiteTeam "ohne Verein"]
[BlackTeam "BSG Pneumant Fürstenwalde e.V."]

1. c4 e6 2. Nc3 d5 3. cxd5 exd5 4. d4 c6 5. g3 Nf6 6. Bg2 Bd6 7. e3 Bg4 8. Nge2
Nbd7 9. h3 Bf5 10. O-O O-O 11. f3 Nb6 12. e4 Bg6 13. e5 Be7 14. exf6 Bxf6 15.
Kh2 Re8 16. b3 Nc8 17. Ba3 Re3 18. Qc1 Qe8 19. Nf4 Bxd4 20. Re1 Nb6 21. Rxe3
Bxe3 22. Qe1 Bf5 23. Bc1 Bd4 24. Qxe8+ Rxe8 25. Bd2 g5 26. Nh5 Bg6 27. g4 Be5+
28. Ng3 f5 29. Re1 h5 30. gxh5 Bxh5 31. Rxe5 Rxe5 32. Nxh5 d4 33. Nb1 f4 34.
Nf6+ Kg7 35. Ne4 Nd5 36. Na3 b5 37. Nc2 c5 38. Nxc5 Re2 39. Ne4 Ne3 40. Ne1 g4
41. hxg4 Nf1+ 42. Kg1 Nxd2 43. Nxd2 Rxd2 44. Bf1 a6 45. a4 Rb2 46. axb5 axb5
47. Bxb5 Rxb3 48. Bd3 Kf6 49. Be4 1/2-1/2

[Event "35. Potsdamer Weihnachtsturnier"]
[Site "?"]
[Date "2010.12.28"]
[Round "3.19"]
[White "Kostré, Margarita"]
[Black "Peschel, Andreas"]
[Result "0-1"]
[WhiteElo "1805"]
[BlackElo "2177"]
[PlyCount "108"]
[EventDate "2010.??.??"]
[WhiteTeam "Schachpinguine Berlin e.V."]
[BlackTeam "SG Solingen e.V."]

1. e4 e6 2. d4 d5 3. Nc3 Bb4 4. e5 c5 5. a3 Bxc3+ 6. bxc3 Qa5 7. Bd2 Qa4 8. Nf3
b6 9. Bd3 Ba6 10. O-O Ne7 11. Nh4 Bxd3 12. cxd3 Qxd1 13. Rfxd1 cxd4 14. cxd4
Nbc6 15. Nf3 Nf5 16. Bc3 h5 17. a4 Kd7 18. Rdb1 Rab8 19. Rb2 Rhc8 20. Rab1 f6
21. Rb3 Rc7 22. a5 Rcb7 23. h3 h4 24. Kh2 b5 25. a6 Rb6 26. Ra1 b4 27. Bb2 Rb5
28. exf6 gxf6 29. Bc1 Ncxd4 30. Nxd4 Nxd4 31. Rb2 Nc6 32. Bd2 R8b6 33. g3 hxg3+
34. Kxg3 b3 35. h4 Ne5 36. Be3 Rb8 37. Bxa7 Rg8+ 38. Kh3 Nxd3 39. Rd2 b2 40.
Rb1 Rb3 41. Kh2 Ra8 42. Bd4 e5 43. Bxb2 Rxa6 44. h5 Ke6 45. Ra1 Rab6 46. Bc1
Rb8 47. Rxd3 Rxd3 48. h6 Kf5 49. Ra7 Rb4 50. Rg7 Rh4+ 51. Kg2 Rdh3 52. f3 Rh2+
53. Kg1 Rh1+ 54. Kf2 Rxc1 0-1

[Event "35. Potsdamer Weihnachtsturnier"]
[Site "?"]
[Date "2010.12.28"]
[Round "3.20"]
[White "Kliem, Helmut"]
[Black "Witt, Ronald"]
[Result "0-1"]
[WhiteElo "1799"]
[BlackElo "2099"]
[PlyCount "64"]
[EventDate "2010.??.??"]
[WhiteTeam "SV Königsjäger Süd-West e.V."]
[BlackTeam "Schachfreunde Zehdenick 76 e.V."]

1. e4 c6 2. d3 d5 3. Nd2 e5 4. Ngf3 Bg4 5. h3 Bh5 6. Be2 Bd6 7. c4 Bxf3 8. Nxf3
dxc4 9. dxc4 Bb4+ 10. Bd2 Bxd2+ 11. Qxd2 Qxd2+ 12. Kxd2 Nd7 13. Rhd1 f6 14. Ke3
Ne7 15. g4 O-O-O 16. Rd2 Nc5 17. Rad1 Rxd2 18. Rxd2 Ne6 19. Bf1 c5 20. h4 h6
21. g5 Nf4 22. gxf6 gxf6 23. Rd6 Rf8 24. a3 Kc7 25. Rd1 Nc6 26. Rb1 a5 27. Ng1
Rg8 28. Ne2 Rg4 29. Nc3 Rxh4 30. Nd5+ Nxd5+ 31. cxd5 Nd4 32. Be2 Nxe2 0-1

[Event "35. Potsdamer Weihnachtsturnier"]
[Site "?"]
[Date "2010.12.28"]
[Round "3.21"]
[White "Maslov, Maxim"]
[Black "Schrodt, Sebastian"]
[Result "0-1"]
[WhiteElo "1790"]
[BlackElo "2085"]
[PlyCount "114"]
[EventDate "2010.??.??"]
[WhiteTeam "TuS Makkabi Berlin e.V."]
[BlackTeam "BSV 63 Chemie Weißensee"]

1. e4 e5 2. Nf3 d6 3. d4 exd4 4. Nxd4 Nf6 5. Nc3 Be7 6. Bc4 O-O 7. O-O c6 8.
Be3 Re8 9. Re1 Qc7 10. Bf4 Nbd7 11. Qd2 Bf8 12. Bg5 b5 13. Bd3 a6 14. a3 Bb7
15. Nf5 c5 16. Qf4 h6 17. Nxh6+ gxh6 18. Bxf6 Nxf6 19. Qxf6 Bg7 20. Qf5 Re5 21.
Qf4 d5 22. Qg3 Rae8 23. f3 c4 24. Be2 Qc5+ 25. Qf2 d4 26. Na2 Rd8 27. Rad1 a5
28. Nc1 Rh5 29. g4 Re5 30. Kg2 Kh8 31. Rd2 h5 32. Qh4 Rd6 33. Red1 Bh6 34. g5
Rxg5+ 35. Kf2 d3+ 36. Ke1 Rg1+ 37. Bf1 Bxd2+ 38. Kxd2 dxc2+ 39. Kxc2 Rxd1 40.
Qf6+ Rg7 41. Qh6+ Kg8 42. Kxd1 Qf2 43. Be2 Rg1+ 44. Kd2 Qe1+ 45. Kc2 Bc8 46.
Qf4 Be6 47. Qe3 b4 48. axb4 axb4 49. f4 Bg4 50. b3 Qxc1+ 51. Qxc1 cxb3+ 52. Kb2
Rxc1 53. Bxg4 Rc2+ 54. Kxb3 Rxh2 55. Bc8 Rf2 56. Kxb4 Rxf4 57. Bf5 Rxf5 0-1

[Event "35. Potsdamer Weihnachtsturnier"]
[Site "?"]
[Date "2010.12.28"]
[Round "3.22"]
[White "Bauer, Norbert"]
[Black "Cech, Tim"]
[Result "1-0"]
[WhiteElo "2082"]
[BlackElo "1780"]
[PlyCount "53"]
[EventDate "2010.??.??"]
[WhiteTeam "SAV Torgelow"]
[BlackTeam "USV Potsdam e.V., Abt. Schach"]

1. e4 e5 2. Nf3 Nf6 3. Nxe5 d6 4. Nf3 Nxe4 5. d4 d5 6. Bd3 Nc6 7. O-O Be7 8.
Re1 f5 9. c4 Be6 10. cxd5 Bxd5 11. Nc3 Nxc3 12. bxc3 O-O 13. Ne5 Nxe5 14. Rxe5
g6 15. Qe2 Bf6 16. Rxd5 Qc8 17. f4 c6 18. Re5 Bxe5 19. Bc4+ Kg7 20. fxe5 b5 21.
Bb3 Qc7 22. Bf4 Rfe8 23. Qd2 Rad8 24. e6 Qe7 25. Bh6+ Kh8 26. Bg5 Qd6 27. Bf6+
1-0

[Event "35. Potsdamer Weihnachtsturnier"]
[Site "?"]
[Date "2010.12.28"]
[Round "3.23"]
[White "Schroeder, Detlef"]
[Black "Wiezer, Siegfried"]
[Result "0-1"]
[WhiteElo "1771"]
[BlackElo "2014"]
[PlyCount "70"]
[EventDate "2010.??.??"]
[WhiteTeam "SV Motor Wildau e.V."]
[BlackTeam "SV Königsjäger Süd-West e.V."]

1. d4 Nf6 2. c4 e6 3. Nc3 Bb4 4. Qc2 d5 5. a3 Bxc3+ 6. Qxc3 Nc6 7. e3 Ne4 8.
Qc2 f5 9. b3 O-O 10. Nf3 Bd7 11. Bd3 Rc8 12. Bd2 Qe7 13. b4 Nxd2 14. Qxd2 Nd8
15. Ne5 Nf7 16. Nxf7 Rxf7 17. c5 e5 18. dxe5 Qxe5 19. Rc1 f4 20. Qc2 fxe3 21.
Bxh7+ Kh8 22. f3 Rcf8 23. Bd3 Rf4 24. Ke2 Qg5 25. Rcg1 Rd4 26. g3 Bf5 27. Rd1
Bh3 28. f4 Qg4+ 29. Ke1 Rdxf4 30. Be2 Qg5 31. Qd3 R4f5 32. Qd4 Bg2 33. Rg1 Be4
34. h4 Qh6 35. Rc1 Rf2 0-1

[Event "35. Potsdamer Weihnachtsturnier"]
[Site "?"]
[Date "2010.12.28"]
[Round "3.24"]
[White "Schlueter, Bernd"]
[Black "Werthmann, Nils"]
[Result "0-1"]
[WhiteElo "2004"]
[BlackElo "1746"]
[PlyCount "34"]
[EventDate "2010.??.??"]
[WhiteTeam "SV Rochade Potsdam-West e.V."]
[BlackTeam "USV Potsdam e.V., Abt. Schach"]

1. d4 Nf6 2. Nf3 d5 3. c4 c6 4. Nc3 e6 5. Bg5 Be7 6. e3 Nbd7 7. Qc2 O-O 8. Bd3
dxc4 9. Bxc4 h6 10. Bh4 a6 11. O-O b5 12. Bd3 c5 13. a4 b4 14. Ne4 cxd4 15.
Nxd4 Bb7 16. Nc6 Bxc6 17. Qxc6 Ne5 0-1

[Event "35. Potsdamer Weihnachtsturnier"]
[Site "?"]
[Date "2010.12.28"]
[Round "3.27"]
[White "Sicora, Carsten"]
[Black "Schrodt, Horst"]
[Result "1-0"]
[WhiteElo "1981"]
[BlackElo "1699"]
[PlyCount "59"]
[EventDate "2010.??.??"]
[WhiteTeam "ohne Verein"]
[BlackTeam "SC Eintracht Berlin e.V."]

1. e4 c6 2. d4 d5 3. Nc3 dxe4 4. Nxe4 Bf5 5. Ng3 Bg6 6. Nf3 Nd7 7. h4 h5 8. Bd3
Bxd3 9. Qxd3 e6 10. Bf4 Ngf6 11. O-O-O Nd5 12. Bg5 Be7 13. Ne4 N7f6 14. Kb1
Nxe4 15. Qxe4 Nf6 16. Qe2 Qc7 17. Ne5 Nd5 18. c4 Nf6 19. Rhe1 Bb4 20. d5 cxd5
21. cxd5 Bxe1 22. dxe6 Bb4 23. Qb5+ Kf8 24. Qxb4+ Kg8 25. exf7+ Kh7 26. Bxf6
gxf6 27. Qe4+ Kg7 28. Qg6+ Kf8 29. Nd7+ Ke7 30. Qxf6# 1-0

[Event "35. Potsdamer Weihnachtsturnier"]
[Site "?"]
[Date "2010.12.28"]
[Round "3.28"]
[White "Bielick, Jakob"]
[Black "Petrak, Falk"]
[Result "0-1"]
[WhiteElo "1700"]
[BlackElo "1950"]
[PlyCount "60"]
[EventDate "2010.??.??"]
[WhiteTeam "USV Potsdam e.V., Abt. Schach"]
[BlackTeam "Potsdamer SV Mitte e.V."]

1. e4 e6 2. d4 b6 3. c4 Bb7 4. Nc3 Bb4 5. Bd3 Qh4 6. Nf3 Bxc3+ 7. bxc3 Qg4 8.
Qe2 Ne7 9. Ba3 Ng6 10. g3 Nc6 11. Bc1 Nce7 12. d5 f5 13. exf5 exf5 14. Bg5 O-O
15. O-O-O Rae8 16. h3 Qh5 17. Bxf5 Nxf5 18. Qxe8 Qxf3 19. Qe1 Nd6 20. Rf1 Re8
21. Qd2 Re2 22. Qd4 Rxa2 23. Kb1 Ra4 24. Rd3 Qf5 25. g4 Qxg5 26. f4 Qf6 27. Qe3
Rxc4 28. g5 Qf5 29. h4 Rxf4 30. Re1 Re4 0-1